000 00844nam a2200265Ia 4500
001 Z_1883
003 CHAP
008 220113s1998 xx 000 0 und d
010 _a164977
040 _cCHAP
090 _aTesis R 1319
100 _aRuiz Olvera, Angélica María
_9100893
245 _aEstudio para el establecimiento de una planta de alimentos balanceados en el Rayo municipio de Arroyo Seco, Querétaro /
_cpor Angélica María Ruiz Olvera
260 _aChapingo, Méx. :
_bEl autor,
_c1998
300 _a94 h.
502 _aTesis (Ing. Agr. Esp. en Zootecnia) -- UACH. Departamento de Zootecnia
650 _aAlimentos balanceados
_94301
650 _aAlimentos y alimentación del ganado
_xIndustria
_94337
901 _aTESIS R 1319
902 _aM
910 _a1998
942 _c2
942 _c2
999 _c164977
_d164977